Note anticritiche di Eudosso Filenio sulla risposta del M.R.P.G.S. alle lettere teologico morali di Eusebio Eraniste.

Detalles Bibliográficos
Autor principal: Filenio, Eudosso
Formato: Libro
Lenguaje:Undetermined
Italian
Publicado: in Trento : s.n., 1752.
Materias:
Colección:Banco de datos
Acervo:Biblioteca Palafoxiana. Colección bibliográfica
Descripción Física:[4], 195, [2] p. ; 4°
Tema general:Apologética
Notas:Número de localización: 35000
LEADER 00576nam a2200169Ia 4500
008 150723s9999 xx 000 0 und d
041 0 |a ita 
050 0 |a PAFX BT1100 F5 
100 1 |a Filenio, Eudosso 
245 1 0 |a Note anticritiche di Eudosso Filenio sulla risposta del M.R.P.G.S. alle lettere teologico morali di Eusebio Eraniste. 
260 |a in Trento : s.n., 1752. 
300 |a [4], 195, [2] p. ; 4° 
500 |a Número de localización: 35000 
650 1 0 |a Apologética 
942 |c PALALIB 
943 |g Biblioteca Palafoxiana. Colección bibliográfica 
999 |c 1059778  |d 1059778